00776 a2200229 4500003000500000005001700005010001600022020001500038020002200053040000900075082001500084100003300099245011900132250001200251260003700263300002100300650004200321700002900363942001200392999001900404952012300423Nust20251008183925.0 a 94000203 a0316114030 a0316114030 (HC) : cNust00a902.02,BRO1 aBrownstone, David M.913104710aTimelines of war :ba chronology of warfare from 100,000 B.C. to the present /cDavid Brownstone and Irene Franck. a1st ed. aBoston :bLittle, Brown,cc1994. a562 p. ;c29 cm. 0aMilitary historyxChronology.91310481 aFranck, Irene M.9131049 2ddccBK c186149d186149 00102ddc4070aMCSbMCScGENd2016-12-12o902.02,BROpMCS2031r2016-12-08w2016-12-12yBKzAlmirah No.76, Shelf No.2